00965nam a22002777a 45000010008000000030009000080050017000170070008000340080031000420400022000730820024000951000018001192450111001372600064002483000043003124900032003555000028003875050046004155050067004616500011005286500027005396500030005667000034005967000035006307100022006650011621DO-SdBNP20220527135227.00011621161011b1991 spa||| 00| 0 spa d aBPMSUbspacBPMSU 4aR91bK321a 19912221 aKemp, Richard10aAtlas visuales del mundo /ctextos Richard Kemp ; ilustración Brian Delf ; traducción Juan Santisteban aBarcelona : bDorling Kindersley, bEl Periódico, c1991. a80,63,64 p. :bil. ; mapas ; c36 cm. 0 aLos grandes atlas visuales  aLa biblioteca posee v.10 gv.1.tEl Mundo -- El Cuerpo -- El Espacio0 gv. 2. :t Animales-- Oceanos -- El Mundo Antiguo -- La Tierra  4aAtlas  4aCuerpo humano vAtlas  4aEspacio exterior vAtlas 1 aDelf, Brian, eilustraciones 1 aSantisteban, Juan,etraductor 2 aDorlingkindersley